000 00631nam a2200241 i 4500
001 C2-0292601
003 PPAK
005 20180728024616.0
008 090107s2005 nyu |||| ||||| | eng d
020 _a1931082766
040 _aPPAK
_beng
_cPPAK
_erda
082 0 4 _a821
_223
090 0 0 _a821
_bPOE
_dLCK
245 0 0 _aPoets of the Civil War
264 1 _aNew York :
_bThe Library of America ,
_c2005
300 _a211 pages ;
_c20 cm
336 _2rdacontent
_atext
337 _2rdamedia
_aunmediated
338 _2rdacarrier
_avolume
650 1 0 _aEnglish poetry
700 1 _aMcClatchy, J.D.,
_eeditor
942 _ddc
_cB
999 _c97459
_d97459